Caracterización morfológica y ultraestructural de Anabena circinalis proveniente del embalse Paso de las Piedras /
Guardado en:
| Autor Principal: | |
|---|---|
| Autor Corporativo: | |
| Formato: | Libro |
| Idioma: | Spanish |
| Publicado: |
Bahía Blanca :
Universidad Nacional del Sur,
2001.
|
| Series: | Tesina
|
| Materias: | |
| Etiquetas: |
Agregar Etiqueta
Sin Etiquetas, Sea el primero en etiquetar este registro!
|
| LEADER | 00821nam a22002295a 4500 | ||
|---|---|---|---|
| 001 | EUN.um068928 | ||
| 008 | 041125s2001####ag#a##########000#0#spa#d | ||
| 005 | 20260226111855.0 | ||
| 245 | 1 | 0 | |a Caracterización morfológica y ultraestructural de Anabena circinalis proveniente del embalse Paso de las Piedras / |c Universidad Nacional del Sur. Gimena Argañaraz Bonini. |
| 260 | |a Bahía Blanca : |b Universidad Nacional del Sur, |c 2001. | ||
| 300 | |a 42 h. : |b il. ; |c 29,5 cm.. | ||
| 490 | 0 | |a Tesina | |
| 100 | 1 | |a Argañaraz Bonini, Gimena. | |
| 110 | 2 | |a Universidad Nacional del Sur |c Bahía Blanca. | |
| 082 | 0 | 4 | |a 589.46 |
| 653 | |a Botanica | ||
| 653 | |a Algas | ||
| 653 | |a Morfologia | ||
| 653 | |a Paso de las piedras | ||
| 653 | |a Tesinas | ||
| 653 | |a Uns | ||
| 859 | |a AR-BaUNS |b BIB. CENTRAL - Sector A |h 589.46 |i Ar36 |p 129076/025 |t Ej.2 | ||
